Radio frequency transmission systems : (Record no. 183137)
[ view plain ]
| 000 -LEADER | |
|---|---|
| fixed length control field | 01004 a2200193 4500 |
| 003 - CONTROL NUMBER IDENTIFIER | |
| control field | Nust |
| 005 - DATE AND TIME OF LATEST TRANSACTION | |
| control field | 20221227122616.0 |
| 010 ## - LIBRARY OF CONGRESS CONTROL NUMBER | |
| LC control number | 90006320 |
| 020 ## - INTERNATIONAL STANDARD BOOK NUMBER | |
| International Standard Book Number | 0070696209 |
| 040 ## - CATALOGING SOURCE | |
| Transcribing agency | Nust |
| 082 00 - DEWEY DECIMAL CLASSIFICATION NUMBER | |
| Classification number | 621.38415 |
| 100 1# - MAIN ENTRY--PERSONAL NAME | |
| Personal name | Whitaker, Jerry C. |
| 245 10 - TITLE STATEMENT | |
| Title | Radio frequency transmission systems : |
| Remainder of title | design and operation / |
| Statement of responsibility, etc. | Jerry C. Whitaker. |
| 260 ## - PUBLICATION, DISTRIBUTION, ETC. | |
| Place of publication, distribution, etc. | New York : |
| Name of publisher, distributor, etc. | Intertext Publications, McGraw-Hill, |
| Date of publication, distribution, etc. | c1991. |
| 300 ## - PHYSICAL DESCRIPTION | |
| Extent | xiii, 432 p. : |
| Other physical details | ill. ; |
| Dimensions | 24 cm. |
| 505 ## - FORMATTED CONTENTS NOTE | |
| Formatted contents note | Using RF Power Technology (Page-1), Broadcast Applications (Page-31), Non- Broadcast Applications (Page-63), Solid State RF Devices (Page-101), Applying Semiconductor RF Devices (Page-141), Power Grid Vacuum Tubes (Page-179), Microwave Power Tubes (Page-265), New Power Tubes (Page-265), New Developments in Microwave Tubes Technology (Page-303), Transmission Line and Waveguide (Page-327), RF Combiner Systems (Page-351), Antenna Systems (Page-375). |
| 650 #0 - SUBJECT ADDED ENTRY--TOPICAL TERM | |
| Topical term or geographic name entry element | Radio |
| General subdivision | Transmitters and transmission. |
| 942 ## - ADDED ENTRY ELEMENTS (KOHA) | |
| Source of classification or shelving scheme | |
| Koha item type | Book |
| Withdrawn status | Lost status | Source of classification or shelving scheme | Damaged status | Not for loan | Permanent Location | Current Location | Shelving location | Date acquired | Full call number | Barcode | Date last seen | Price effective from | Koha item type | Public note |
|---|---|---|---|---|---|---|---|---|---|---|---|---|---|---|
| Military College of Signals (MCS) | Military College of Signals (MCS) | General Stacks | 12/12/2016 | 621.38415,WHI | MCS811 | 12/08/2016 | 12/12/2016 | Book | Almirah No.38, Shelf No.6 |
